000 00706nam a22001697a 4500
003 DO-SdBNP
005 20171124104752.0
008 171124b pr1961||||| |||| 00| 0 spa d
040 _aBPMSU
_bspa
_cBMPSU
245 0 0 _aTeatro puertorriqueño: tercer festival
260 _aPuerto Rico :
_bInstituto de Cultura Puertorriqueña,
_c1961
300 _a610p.
_bil. ;
_c23 cm.
500 _aIncluye índice
505 _tUn niño azul para esa sombra /
_rR. Marqués --
_tDe tanto caminar /
_rPiri Fernández.--
_tCristal roto en el tiempo /
_rMyrna Casas --
_tCielo caído /
_rEmilio S. Belaval --
_tEn el principio la noche era serena /
_rGerard Paul Marín
942 _2ddc
_cBK
945 _aInventariado, 2017/MFF
999 _c13072
_d13072